<?xml version="1.0" encoding="UTF-8"?>
<marc:record xmlns:marc="http://www.loc.gov/MARC21/slim">
   <marc:leader>00000nam a2200000 a 4500</marc:leader>
   <marc:datafield ind1="1" ind2=" " tag="100">
      <marc:subfield code="a">Leder, Anna</marc:subfield>
      <marc:subfield code="4">edt</marc:subfield>
      <marc:subfield code="e">Bearbeiter/-in</marc:subfield>
   </marc:datafield>
   <marc:datafield ind1="1" ind2=" " tag="100">
      <marc:subfield code="a">Hajek, Willi</marc:subfield>
      <marc:subfield code="4">edt</marc:subfield>
      <marc:subfield code="e">Bearbeiter/-in</marc:subfield>
   </marc:datafield>
   <marc:datafield ind1=" " ind2=" " tag="653">
      <marc:subfield code="a">Gewerkschaft</marc:subfield>
   </marc:datafield>
   <marc:datafield ind1=" " ind2=" " tag="653">
      <marc:subfield code="a">Arbeitnehmervertretung</marc:subfield>
   </marc:datafield>
   <marc:datafield ind1=" " ind2=" " tag="653">
      <marc:subfield code="a">Arbeitskampf</marc:subfield>
   </marc:datafield>
   <marc:datafield ind1=" " ind2=" " tag="653">
      <marc:subfield code="a">Strukturwandel</marc:subfield>
   </marc:datafield>
   <marc:datafield ind1=" " ind2=" " tag="653">
      <marc:subfield code="a">Arbeitnehmer</marc:subfield>
   </marc:datafield>
   <marc:datafield ind1=" " ind2=" " tag="653">
      <marc:subfield code="a">Selbstorganisation</marc:subfield>
   </marc:datafield>
   <marc:datafield ind1=" " ind2=" " tag="653">
      <marc:subfield code="a">Belegschaft</marc:subfield>
   </marc:datafield>
   <marc:datafield ind1=" " ind2=" " tag="653">
      <marc:subfield code="a">Aufsatzsammlung</marc:subfield>
   </marc:datafield>
   <marc:datafield ind1="0" ind2="0" tag="245">
      <marc:subfield code="a">Arbeitskämpfe im Zeichen der Selbstermächtigung</marc:subfield>
   </marc:datafield>
   <marc:datafield ind1="0" ind2="0" tag="245">
      <marc:subfield code="b">kollektive Gegenwehr in Frankreich, Deutschland, der Schweiz, Österreich und Serbien</marc:subfield>
   </marc:datafield>
   <marc:datafield ind1="0" ind2="0" tag="245">
      <marc:subfield code="c">Anna Leder</marc:subfield>
   </marc:datafield>
   <marc:datafield ind1=" " ind2="1" tag="264">
      <marc:subfield code="a">Wien</marc:subfield>
      <marc:subfield code="b">Promedia</marc:subfield>
      <marc:subfield code="c">2011</marc:subfield>
   </marc:datafield>
   <marc:datafield ind1="1" ind2=" " tag="520">
      <marc:subfield code="a">Angaben aus der Verlagsmeldung

Arbeitskämpfe im Zeichen der Selbstermächtigung : Kollektive Gegenwehr in Frankreich, Deutschland, der Schweiz, Österreich und Serbien

Im vorliegenden Band werden Arbeitskämpfe in unterschiedlichen Ländern vorgestellt sowie ihre Geschichte seit 1945 beschrieben. Während in Frankreich Basisgewerkschaften entstanden sind und Massenbewegungen wie jene gegen die Pensionsreform 2010 ohne selbstorganisierte Netzwerke nicht mehr denkbar wären, gibt es in Deutschland zwar gesellschaftlich bedeutende, von Belegschaften getragene Auseinandersetzungen, doch bleiben diese meist isoliert voneinander. In Serbien entstanden in den vergangenen Jahren große und radikale Streikbewegungen, deren Verbindung untereinander allerdings kaum existiert. Die Schweiz, vermeintlich das Land des Arbeitsfriedens, erlebt ebenfalls seit Jahren selbstorganisierte Arbeitskämpfe, wobei sich vor allem infolge eines äußerst erfolgreichen Arbeitskampfes bei der Schweizer Bahn 2007 die Qualität der Arbeitsauseinandersetzungen verändert hat. Im sozialpartnerschaftlich reglementierten Österreich hingegen sind Spuren der Selbstermächtigung erst unter der Oberfläche eher traditionell geführter Arbeitskämpfe zu finden.
</marc:subfield>
   </marc:datafield>
   <marc:datafield ind1=" " ind2=" " tag="020">
      <marc:subfield code="a">9783853713334</marc:subfield>
      <marc:subfield code="9">9783853713334</marc:subfield>
   </marc:datafield>
   <marc:datafield ind1=" " ind2=" " tag="041">
      <marc:subfield code="a">ger</marc:subfield>
   </marc:datafield>
   <marc:datafield ind1=" " ind2=" " tag="300">
      <marc:subfield code="a">221 S.</marc:subfield>
   </marc:datafield>
</marc:record>
